| 000 | 00584nam a2200205 a 4500 | ||
|---|---|---|---|
| 005 | 20140310183449.0 | ||
| 008 | 081223s19uu xx 00 eng d | ||
| 020 | _a9780071101240 | ||
| 050 |
_aTS 155 _b.F556 2008 |
||
| 100 | _aFinch, Byron J. | ||
| 245 |
_aOperations now : _bsupply chain profitabilty and performance / _cByron J. Finch. |
||
| 250 | _a3rd ed. | ||
| 260 |
_aBoston : _bMcGraw-Hill Irwin, _c2008. |
||
| 300 |
_a769 p. : _bill. col. ; _c27 cm. |
||
| 521 | _aBSBA | ||
| 650 | _aBSBA. | ||
| 650 | _aProduction management. | ||
| 942 |
_cBK _2lcc _kFOR |
||
| 999 |
_c23322 _d23322 |
||